Sport Franchises without a Championship - Statistics

General Stats
  • This quiz has been taken 24 times
    16 since last reset
  • The average score is 26 of 41
Answer Stats
Hint Answer % Correct
NFL Buffalo Bills
94%
NFL Carolina Panthers
94%
NHL Florida Panthers
94%
NBA Charlotte Hornets
81%
NBA Minnesota Timberwolves
81%
NFL Tennessee Titans
81%
NHL Winnipeg Jets
81%
NFL Arizona Cardinals
75%
NFL Atlanta Falcons
75%
NBA Brooklyn Nets
75%
NFL Jacksonville Jaguars
75%
NFL Los Angeles Chargers
75%
NBA Memphis Grizzlies
75%
NBA New Orleans Pelicans
75%
NFL Houston Texans
69%
NBA Los Angeles Clippers
69%
NHL Minnesota Wild
69%
NHL Nashville Predators
69%
NBA Orlando Magic
69%
NBA Phoenix Suns
69%
NHL Seattle Kraken
69%
NHL Arizona Coyotes
63%
NHL Buffalo Sabres
63%
NFL Cleveland Browns
63%
NHL Columbus Blue Jackets
63%
NBA Denver Nuggets
63%
NFL Minnesota Vikings
63%
NHL Vegas Golden Knights
63%
NFL Detroit Lions
56%
NHL Ottawa Senators
56%
NBA Utah Jazz
56%
NHL Vancouver Canucks
56%
MLB Colorado Rockies
50%
MLB Seattle Mariners
50%
NFL Cincinnati Bengals
44%
MLB San Diego Padres
44%
MLB Milwaukee Brewers
38%
NHL San Jose Sharks
38%
MLB Tampa Bay Rays
38%
MLB Texas Rangers
38%
NBA Indianapolis Pacers
0%
No matching quizzes found
Score Distribution
Percent of People with Each Score
Percentile by Number Answered
Your Score History
You have not taken this quiz since the last reset